000 00579nam a2200217Ia 4500
003 OSt
005 20220926042749.0
006 a|||||r|||| 00| 0
007 ta
008 220923b |||||||| |||| 00| 0 eng d
037 _cGeneral Book
040 _aRTL
_cRTL
_beng
041 _2eng
_aeng
082 _aX9(J):(Z).2.N6, K4/TD
100 _aKotovsky Grigory
245 0 _aAgrarian reforms in India
260 _c1964
650 _aLand Reforms Industry
942 _hX9(J):(Z).2.N6, K4/TD
_cGB
_2CC
999 _c670510
_d670510